<?xml version="1.0" encoding="UTF-8"?>
<marc:record xmlns:marc="http://www.loc.gov/MARC21/slim">
   <marc:leader>00000nam a2200000 a 4500</marc:leader>
   <marc:datafield ind1="1" ind2=" " tag="100">
      <marc:subfield code="a">Sperr, Monika</marc:subfield>
   </marc:datafield>
   <marc:datafield ind1=" " ind2=" " tag="653">
      <marc:subfield code="a">Schule</marc:subfield>
   </marc:datafield>
   <marc:datafield ind1=" " ind2=" " tag="653">
      <marc:subfield code="a">Erwachsene</marc:subfield>
   </marc:datafield>
   <marc:datafield ind1=" " ind2=" " tag="653">
      <marc:subfield code="a">Taschengeld</marc:subfield>
   </marc:datafield>
   <marc:datafield ind1=" " ind2=" " tag="653">
      <marc:subfield code="a">Jugendliche</marc:subfield>
   </marc:datafield>
   <marc:datafield ind1=" " ind2=" " tag="653">
      <marc:subfield code="a">Summerhill</marc:subfield>
   </marc:datafield>
   <marc:datafield ind1=" " ind2=" " tag="653">
      <marc:subfield code="a">Kinder</marc:subfield>
   </marc:datafield>
   <marc:datafield ind1="0" ind2="0" tag="245">
      <marc:subfield code="a">Was wir von unseren Eltern halten</marc:subfield>
   </marc:datafield>
   <marc:datafield ind1="0" ind2="0" tag="245">
      <marc:subfield code="b">6- bis 16jährige sagen ihre Meinung</marc:subfield>
   </marc:datafield>
   <marc:datafield ind1=" " ind2="1" tag="264">
      <marc:subfield code="a">München</marc:subfield>
      <marc:subfield code="b">Kindler</marc:subfield>
      <marc:subfield code="c">1971</marc:subfield>
   </marc:datafield>
   <marc:datafield ind1=" " ind2=" " tag="250">
      <marc:subfield code="a">2. Aufl.</marc:subfield>
   </marc:datafield>
   <marc:datafield ind1="1" ind2=" " tag="520">
      <marc:subfield code="a">"Wie leben unsere Kinder, und was halten sie von den Erwachsenen? Wie denken sie über ihre eltern, ihre Lehrer, ihre Erziehung und ihre Umwelt" Wie sehen Kinder die 'Autorität' ihrer Eltern und Lehrer?" Um das zu erfahren, reiste die Autorin  von Februar bis April 1971  mit dem Tonband quer durch die Bundesrepublik und interviewte Kinder und Jugendliche im Alter von 6 bis 16 Jahren. Die Aussagen kurz zusammengefaßt: Kinder lehnen Zwang und Bevormundung ab, sind aber bereit Autorität anzuerkennen. Kinder wollen nicht zügellos frei sein. Kinder sehen ihre Eltern und Lehrer sehr viel verständnisvoller und gleichzeitig sehr viel kritischer, als man gemeinhin annimmt.</marc:subfield>
   </marc:datafield>
   <marc:datafield ind1="0" ind2=" " tag="490">
      <marc:subfield code="v">0</marc:subfield>
   </marc:datafield>
   <marc:datafield ind1=" " ind2=" " tag="542">
      <marc:subfield code="d">Sperr, Monika</marc:subfield>
   </marc:datafield>
   <marc:datafield ind1=" " ind2=" " tag="300">
      <marc:subfield code="a">170 S.</marc:subfield>
   </marc:datafield>
</marc:record>
